Big Data For Big Decisions [Printed Price]: Building A Data-Driven Organization Building A Data-Driven Organization (Record no. 42765)

MARC details
000 -LEADER
fixed length control field 00388nam a2200121Ia 4500
008 - FIXED-LENGTH DATA ELEMENTS--GENERAL INFORMATION
fixed length control field 241028s9999 xx 000 0 und d
041 ## - LANGUAGE CODE
Language code of text/sound track or separate title eng
082 ## - DEWEY DECIMAL CLASSIFICATION NUMBER
Classification number 658.406 PER
100 ## - MAIN ENTRY--PERSONAL NAME
Personal name Pera Krishna
245 ## - TITLE STATEMENT
Title Big Data For Big Decisions [Printed Price]: Building A Data-Driven Organization Building A Data-Driven Organization
260 ## - PUBLICATION, DISTRIBUTION, ETC.
Name of publisher, distributor, etc. Crc Press
Place of publication, distribution, etc. London
Date of publication, distribution, etc. 2023
300 ## - PHYSICAL DESCRIPTION
Extent 249;. P. 22 cm
Holdings
Withdrawn status Lost status Damaged status Not for loan Home library Current library Shelving location Date acquired Cost, normal purchase price Full call number Barcode Date last seen Cost, replacement price Price effective from Koha item type
        IMTN IMTN Rack 31-A 07/03/2024 1495.00 658.406 PER 33194 10/28/2024 1495.00 10/28/2024 Books
Designed & Maintained by: LRC IMT Nagpur Contact: lrc@imtnag.ac.in© 2024. All Rights Reserved.